Un gran literato olvidado, Amadeo Almada /

Bibliographic Details
Main Author: Quinteros Delgado, Juan Carlos
Format: Book
Language:Spanish
Published: Montevideo : Editorial Florensa & Lafon, 1950.
Subjects:

MARC

Tag First Indicator Second Indicator Subfields
LEADER 00000cam a2200000 4500
001 in00001269913
005 20151004050823.0
008 770805s1950 ag c 000 0bspa c
010 |a a 50007354  
035 |a (OCoLC)03164213 
035 |9 AGW3538AM 
040 |a N.Y.P.L. for Library of Congress  |c AZS  |d AZS  |d TXA  |d UtOrBLW 
049 |a TXAM 
050 1 0 |a PQ8519.A615  |b Z85 
082 0 0 |a 928.6 
090 |a PQ8519.A615  |b Z85 1950 
100 1 |a Quinteros Delgado, Juan Carlos. 
245 1 3 |a Un gran literato olvidado, Amadeo Almada /  |c prólogo del doctor Rodolfo Almeida Pintos. 
264 1 |a Montevideo :  |b Editorial Florensa & Lafon,  |c 1950. 
300 |a 76 pages :  |b portraits ;  |c 18 cm. 
336 |a text  |b txt  |2 rdacontent 
337 |a unmediated  |b n  |2 rdamedia 
338 |a volume  |b nc  |2 rdacarrier 
600 1 0 |a Almada, Amadeo,  |d 1871- 
999 |a MARS 
999 f f |s 07dc27e8-ef96-3c9b-aa8e-ae4aea710452  |i 74230c9b-644e-362e-9d22-86ea4d397cd9  |t 0 
952 f f |p ric  |a Texas A&M University  |b Rellis Campus  |c Joint Library Facility  |d Remote Storage  |t 0  |e PQ8519.A615 Z85 1950  |h Library of Congress classification  |i unmediated -- volume  |m A14819521955 
998 f f |a PQ8519.A615 Z85 1950  |t 0  |l Remote Storage